00472nam a22001817a 450000500170000001000150001702000260003203500140005803700130007208200150008510000180010024500470011826000370016527000620020230000200026470000030028470000030028720240221114838.0 aENG-139400 c695.00a9788178246567 aEN-122932 bDBAD/PUB a320.550954 aSarkar,Tanika aHindu Nationalism In India/cTanika Sarkar aRanikhet bPermanent Blackc2022 a"Himalayana", Mall Road, Ranikhet CanttbRanikhete263645 a266p.c22cm(pb)